00974nam a2200217 i 4500001000700000003000900007005001700016008004100033040003000074100003000104245022800134260002900362300002000391500007400411597001100485650005100496650002800547852003900575999001900614952012300633167897ES-MaACL20250809031218.0990104s1858 fr |||| | fre d aCCPB | B bspa cCCPB | B1 aWeiss, Siegfried.913389710aCode du droit maritime international b: tel qu'il existe chez les nations en temps de paix et en temps de guerre depuis les temps les plus reculés jusqu'á nos jours sélon l'École Historique / cpar Siegfried Weiss. aParis : bAmyot, c1858. a2 v. ; c21 cm. aOuvrage couronné par la Faculté de Droit de Fribourg (en Brisgau) aAntep. 7aDerecho marítimo internacional2embne911734 4aCodificación.9135785 aES-MaACLjC-2650-51 z-- Enc. hol. c167897d167897 001040708LIBXIXaATENEOMbATENEOMcSPALd2008-01-17l0oC-2650-51p1176144r2023-02-23 00:00:00w2023-02-23yMONANT